| 000 | 00000nam##2200000za#4500 |
| 001 | 9.644031 |
| 003 | CaOODSP |
| 005 | 20210624224444 |
| 007 | cr ||||||||||| |
| 008 | 150407|2014||||xxc|||||o f|0| 0 fre|d |
| 020 | |a978-0-660-23004-7 |
| 040 | |aCaOODSP|bfre |
| 043 | |an-cn--- |
| 086 | 1 |aFo4-50/2014F-PDF |
| 110 | 1 |aCanada. |bRessources naturelles Canada. |
| 245 | 10|aAnalyse du risque phytosanitaire : |h[ressource électronique]|bévaluation de la menace que pose le longicorne brun de l'épinette pour les forêts de la Nouvelle-Écosse / |c[publié par] Groupe de travail sur les ravageurs forestiers, Conseil canadien des ministres des forêts. |
| 260 | |aOttawa - Ontario : |bRessources naturelles Canada |cc2014. |
| 300 | |a94p.|bfigures, graphique, cartes, références, tableaux, photographies |
| 590 | |a15-12|b2015-03-20 |
| 691 | 07|aGestion forestière|2gcpds |
| 691 | 07|aOrganisme nuisible|2gcpds |
| 775 | 08|tPest risk analysis : |w(CaOODSP)9.700130 |
| 856 | 40|ahttp://publications.gc.ca|qPDF|s13948 Ko|uhttps://publications.gc.ca/collections/collection_2015/rncan-nrcan/Fo4-50-2014-fra.pdf |